期刊信息 |
| 索取号 |
G27/LTSHJ
|
| 题名 |
兰台世界
|
| 作者 |
|
| 分册号 |
上半月
|
| 分册名 |
|
| 出版地 |
沈阳
|
| 出版者 |
该杂志社
|
| 标准刊号 |
1006-7744
|
| 出版频率 |
月刊
|
| 中图法分类 |
G279.2731
|
| 主题词 |
|
| 电子资源 | |
| |
|
| 000 | 01449nas002200397 45 | |
| 001 | 1196060412 | |
| 005 | 20180914090120.26 | |
| 011 | @a1006-7744@dCNY8.00(2009) | |
| 091 | @aCN@b21-1354 | |
| 092 | @b8-292 | |
| 100 | @a19960701a19959999ekmy0chiy0121 eb | |
| 101 | 0 | @achi |
| 102 | @aCN@b210000 | |
| 110 | @aafaz 0yd0 | |
| 200 | 1 | @a兰台世界@ALan Tai Shi Jie@h上半月@i档案工作者之友 |
| 207 | 0 | @a1995,no.1(1995,1,10)~=总65~ |
| 210 | @a沈阳@b辽宁省沈阳市和平区和平南大街45号(邮码110006)@c该杂志社@d1995~ | |
| 215 | @a64no.@d26cm | |
| 305 | @a2018年起,《兰台世界》上、下半月合并 | |
| 326 | @a月刊 | |
| 327 | 0 | @a要闻,要文@a国际档案大会@a档案论坛@a工作研究@a开发利用@a业务指导@a乡村档案@a译文选登@a领袖风采@a名人春秋 |
| 430 | 1 | @12001 @a辽宁档案 |
| 517 | 1 | @a档案工作者之友@ADang An Gong Zuo Zhe Zhi You |
| 540 | 1 | @a兰台 世界@ALan Tai Shi Jie |
| 541 | 1 | @aArchives world@zeng |
| 610 | 0 | @a档案学@a档案工作 |
| 676 | @a025.171@v19 | |
| 676 | @a351.7146@v19 | |
| 690 | @aG279.2731@v3 | |
| 701 | 0 | @a刘永庆(驻沈)@ALiu Yong Qing ( Zhu Shen )@4总编缉 |
| 711 | 02 | @a辽宁省档案学会@ALIAO NING SHENG DANG AN XUE HUI@4主办 |
| 711 | 02 | @a中国老教授协会档案与文秘研究所@AZhong Guo Lao Jiao Shou Xie Hui Dang An Yu Wen Mi Yan Jiu Suo@4主办 |
| 711 | 02 | @a辽宁档案局@ALiao Ning Dang An Ju@4主办 |
| 711 | 02 | @a辽宁档案馆@ALiao Ning Dang An Guan@4主办 |
| 801 | 0 | @aCN@bPFT@c20110613 |
| 905 | @dG27@eLTSHJ@v总65~@y1995~ | |
| 兰台世界.上半月.档案工作者之友.-1995,no.1(1995,1,10)~=总65~.-沈阳(辽宁省沈阳市和平区和平南大街45号(邮码110006)):该杂志社,1995~ |
| 64no.;26cm |
| 继承: |
| 部分内容:要闻,要文;国际档案大会;档案论坛;工作研究;开发利用;业务指导;乡村档案;译文选登;领袖风采;名人春秋 |
| ISSN 1006-7744:CNY8.00(2009) |
| ● |
| 相关链接: |
|
|
|
|